| 000 | 00607nam a2200241Ia 4500 | ||
|---|---|---|---|
| 003 | OSt | ||
| 005 | 20221007100638.0 | ||
| 006 | a|||||r|||| 00| 0 | ||
| 007 | ta | ||
| 008 | 221006b |||||||| |||| 00| 0 eng d | ||
| 024 | _a4,816 | ||
| 037 | _cTextual | ||
| 040 |
_aLCO _cLCO _beng |
||
| 041 |
_2eng _aeng |
||
| 082 | _aV2:5, M4 | ||
| 100 |
_aMISRA S P _9105059 |
||
| 245 | 0 | _aFundamental rights and the Supreme Court | |
| 260 |
_aNew _bDelhi Deep & Deep _c1984 |
||
| 300 | _a232 | ||
| 650 | _aSUPREME COURT | ||
| 942 |
_hV2:5, M4 _cTEXL |
||
| 999 |
_c1174379 _d1174379 |
||